Exercising reasonable care is not good enough for clients (Record no. 65238)

MARC details
000 -LEADER
fixed length control field 01181cam a2200289 4500
001 - CONTROL NUMBER
control field ABS63119
008 - FIXED-LENGTH DATA ELEMENTS--GENERAL INFORMATION
fixed length control field 000000n2000 000 0 eng u
035 ## - SYSTEM CONTROL NUMBER
System control number (Sirsi) u109302
100 ## - MAIN ENTRY--PERSONAL NAME
Personal name Lindsey, S
245 ## - TITLE STATEMENT
Title Exercising reasonable care is not good enough for clients
260 ## - PUBLICATION, DISTRIBUTION, ETC.
Date of publication, distribution, etc. 2000
490 ## - SERIES STATEMENT
Series statement Architects' Journal
Volume/sequential designation 12 October 2000, 48(1)
520 ## - SUMMARY, ETC.
Summary, etc. Suggests that the standard performance measure of reasonable skill and care has become uncertain as construction procurement changes. The employment of consultants by clients and contractors is blurring traditional obligations, as shown by the "Greaves v Baynham Meikle" case. Concludes that increased client expectations and public demand for safety may not be compatible with the reasonable skill and care defence.
590 ## - LOCAL NOTE (RLIN)
Local note ABS
650 ## - SUBJECT ADDED ENTRY--TOPICAL TERM
Topical term or geographic name entry element OBLIGATIONS
650 ## - SUBJECT ADDED ENTRY--TOPICAL TERM
Topical term or geographic name entry element REASONABLE CARE
650 ## - SUBJECT ADDED ENTRY--TOPICAL TERM
Topical term or geographic name entry element REASONABLE SKILL
650 ## - SUBJECT ADDED ENTRY--TOPICAL TERM
Topical term or geographic name entry element BUILDING CONTRACTORS
650 ## - SUBJECT ADDED ENTRY--TOPICAL TERM
Topical term or geographic name entry element CONSULTANTS
650 ## - SUBJECT ADDED ENTRY--TOPICAL TERM
Topical term or geographic name entry element SAFETY
650 ## - SUBJECT ADDED ENTRY--TOPICAL TERM
Topical term or geographic name entry element GREAVES AND CO V BAYNHAM MEIKLE AND PARTNERS
650 ## - SUBJECT ADDED ENTRY--TOPICAL TERM
Topical term or geographic name entry element LIABILITY
650 ## - SUBJECT ADDED ENTRY--TOPICAL TERM
Topical term or geographic name entry element NEGLIGENCE
650 ## - SUBJECT ADDED ENTRY--TOPICAL TERM
Topical term or geographic name entry element CLIENT EXPECTATIONS
690 ## - LOCAL SUBJECT ADDED ENTRY--TOPICAL TERM (OCLC, RLIN)
Topical term or geographic name as entry element Procurement
9 (RLIN) 6260
942 ## - ADDED ENTRY ELEMENTS (KOHA)
Suppress in OPAC 0
Holdings
Withdrawn status Lost status Source of classification or shelving scheme Damaged status Not for loan Home library Current library Shelving location Date acquired Total Checkouts Full call number Barcode Date last seen Copy number Price effective from Koha item type
    Dewey Decimal Classification     London London Journal article 13/11/2000   ABS63119 109302-1001 06/08/2019 1 06/08/2019 Journal article